| 000 | 00748nam a2200229Ia 4500 | ||
|---|---|---|---|
| 001 | 16869 | ||
| 003 | GE_BSU | ||
| 008 | 181216s||||||||xx |||||||||||||| ||und|| | ||
| 040 | _cGE_BSU | ||
| 080 | _a821.353.1-316 | ||
| 100 | _aწერეთელი, ა. (აკაკი, 1840-1915) | ||
| 245 | _aბაში-აჩუკი | ||
| 245 | _bისტ. მოთხრობა | ||
| 245 | _cრედ.გ.ნატროშვილი.ილ.: რ. სტურუა | ||
| 260 | _aთბილისი | ||
| 260 | _bლიტერატურული გაზეთი | ||
| 260 | _c1958 | ||
| 300 | _a66 გვ.21სმ. | ||
| 653 | _aბაში-აჩუკი | ||
| 653 | _aისტ. მოთხრობა | ||
| 942 | _cBK | ||
| 999 |
_c49933 _d49933 |
||